Countries where Google is not available - Statistics

General Stats
  • This quiz has been taken 142 times
  • The average score is 4 of 7
Answer Stats
Countries % Correct
North Korea
95%
China
90%
Iran
68%
Cuba
63%
Syria
54%
Sudan
35%
Myanmar
30%
No matching quizzes found
Score Distribution
Percent of People with Each Score
Percentile by Number Answered
Your Score History
You have not taken this quiz